Lectura de Juan Goytisolo /

Bibliographic Details
Main Author: Sanz Villanueva, Santos
Format: Book
Language:Spanish
Published: Barcelona : V. Pozanco, 1977.
Edition:1a ed.
Series:Ambito literario ; 7
Subjects:

MARC

Tag First Indicator Second Indicator Subfields
LEADER 00000cam a2200000 a 4500
001 in00000075578
005 20151008053644.0
008 771205s1977 sp af b 00010 spam
010 |a  77561658  
015 |a Sp*** 
020 |a 8440026285 
035 |a (OCoLC)03514534 
035 |9 AAH8173AM 
040 |a DLC  |c DLC  |d m.c.  |d TXA  |d UtOrBLW 
049 |a TXAM  |c [1654550] 
050 0 0 |a PQ6613.O79  |b Z88 
100 1 |a Sanz Villanueva, Santos. 
245 1 0 |a Lectura de Juan Goytisolo /  |c Santos Sanz. 
250 |a 1a ed. 
264 1 |a Barcelona :  |b V. Pozanco,  |c 1977. 
300 |a 110 pages, 1 unnumbered leaf of plates :  |b illustrations ;  |c 19 cm. 
336 |a text  |b txt  |2 rdacontent 
337 |a unmediated  |b n  |2 rdamedia 
338 |a volume  |b nc  |2 rdacarrier 
490 0 |a Ambito literario ;  |v 7 
504 |a Includes bibliographical references. 
600 1 0 |a Goytisolo, Juan  |x Criticism and interpretation. 
999 |a MARS 
999 f f |s 8a42497f-1561-3f1e-90f2-7cc52f5af5bb  |i 60870b82-df46-310c-b011-c406242e1ceb  |t 0 
952 f f |p ric  |a Texas A&M University  |b Rellis Campus  |c Joint Library Facility  |d Remote Storage  |t 0  |e PQ6613.O79 Z88  |h Library of Congress classification  |i unmediated -- volume  |m A14806181738 
998 f f |a PQ6613.O79 Z88  |t 0  |l Remote Storage